[Event "2nd Sharjah Masters 2018"]
[Site "Sharjah"]
[Date "2018.04.12"]
[Round "1"]
[White "Salim issa ali shamas"]
[Black "Yakubboev, Nodirbek"]
[Result "0-1"]
[WhiteElo "1912"]
[BlackElo "2482"]
[Annotator "TA"]
[PlyCount "100"]
[EventDate "2018.??.??"]
[EventType "swiss"]
[EventCountry "UAE"]
[SourceTitle "playchess.com"]
[Source "ChessBase"]
[SourceQuality "1"]

{[%evp 12,100,-9,-8,-10,-36,-36,-41,-38,-49,-45,-91,-105,-99,-78,-77,-80,-110,-110,-154,-152,-202,-71,-77,-68,-71,-69,-74,-71,-74,-60,-105,-100,-102,-79,-100,-99,-106,-104,-106,-111,-208,-187,-179,-178,-207,-208,-190,-200,-212,-154,-162,-148,-151,-147,-137,-154,-151,-127,-256,-261,-249,-226,-342,-335,-345,-307,-537,-540,-533,-524,-852,-910,-908,-872,-854,-824,-1115,-1131,-1149,-1148,-1142,-1130,-1134,-1131,-1062,-1029,-4798,-2370,-29988,-29989]} 1. d4 d6 2. c4 e5 3. dxe5 dxe5 4. Qxd8+ Kxd8 5. Nc3 Be6 6. e4 Nd7 {[%cal Bb8d7,Bd7c5,Bc5b3][%mdl 32]} 7. Be3 {LiveBook: 3 Games. A41: 1 d4 d6: Tartakower System and Modern Defence} Bb4 8. Rc1 Ngf6 (8... a5 9. Nf3 f6 10. a3 Bxc3+ 11. Rxc3 c5 12. Nd2 Ne7 13. f4 Nc6 14. fxe5 fxe5 {0-1 (31) Sai Agni,J (2384)-Zubov,A (2626) Sitges 2017}) 9. f3 {Black is slightly better.} c6 10. a3 Bc5 11. Bxc5 Nxc5 12. b4 Nb3 13. Rb1 $146 ({Find the theoretical novelty and annotate with similar games:} 13. Rd1+ Kc7 14. Bd3 Rhd8 {0-1 (51) Bilciu,C (2095)-Mosnegutu,M (2150) Sovata 1997}) 13... Nd4 14. Rc1 Ke7 15. Na4 a5 16. Nb6 {[#]} Ra7 (16... axb4 $1 $19 {[%mdl 512]} 17. Nxa8 (17. axb4 Ra2) 17... bxa3) 17. b5 $17 Nd7 18. Nxd7 Kxd7 19. Ne2 Nb3 20. Rc3 Nc5 21. Ng3 Rd8 22. Be2 Ke7 23. O-O Rd2 24. Rb1 Ra8 25. bxc6 bxc6 26. Rb6 (26. Bd1 $17 {was called for.}) 26... Kd6 $19 {White must now prevent ...Na4.} 27. Rb1 {[#]} Kc7 $1 28. Kf2 Rad8 29. Ke1 Ra2 30. Nf1 Na4 31. Rcb3 Rxe2+ 32. Kxe2 Bxc4+ 33. Ke3 {Threatens to win with Rb7+.} Bxb3 34. Rxb3 $17 {[%mdl 4096] Endgame KRN-KRN} Rd1 35. Nd2 (35. Ke2 $17 {is a better defense.} Rc1 36. Ne3) 35... Rc1 $19 36. Ke2 Nc5 37. Re3 (37. Rb2 $142) 37... a4 38. g3 Ne6 39. Rd3 $2 (39. f4) 39... Nd4+ 40. Kf2 c5 41. Nf1 c4 42. Re3 Kd6 43. f4 c3 44. Rd3 c2 {( -> ...Rxf1+!)} 45. Rc3 Rd1 46. Ne3 c1=Q {[%cal Rd1d2]} 47. Nc4+ Ke7 48. Rxc1 Rxc1 49. Nxe5 Rc3 50. Nc6+ Nxc6 {Precision: White = 48%, Black = 86%.} 0-1

[Event "2nd Sharjah Masters 2018"]
[Site "Sharjah"]
[Date "2018.04.12"]
[Round "1"]
[White "Carandang, Roberto"]
[Black "Darini, Pouria"]
[Result "0-1"]
[WhiteElo "1870"]
[BlackElo "2478"]
[Annotator "TA"]
[PlyCount "51"]
[EventDate "2018.??.??"]
[EventType "swiss"]
[EventCountry "UAE"]
[SourceTitle "playchess.com"]
[Source "ChessBase"]
[SourceQuality "1"]

{[%evp 22,51,-11,-38,-42,-55,-31,-24,-25,-61,-52,-221,-212,-603,-585,-614,-570,-627,-523,-629,-629,-629,-629,-629,-629,-629,-621,-634,-620,-830,-802,-29980]} 1. d4 Nf6 2. c4 g6 3. Nc3 d5 4. Nf3 Bg7 5. Bg5 Ne4 6. Bh4 Nxc3 7. bxc3 dxc4 8. Qa4+ Nd7 9. e3 O-O 10. Qxc4 c5 {D91: Grünfeld: 4 Nf3 Bg7 5 Bg5} 11. Be2 cxd4 12. exd4 {LiveBook: 3 Games} Nb6 {[%cal Bd7b6,Bb6d5,Bd5f4,Bf4e6,Be6d4,Bd4e2][%mdl 32] Black is slightly better.} 13. Qc5 Nd5 14. O-O {[#]} Be6 $146 ({Predecessor:} 14... Bg4 15. Qa3 Qc8 16. Rfe1 Qxc3 17. Bxe7 Rfe8 18. Rac1 Qxa3 19. Bxa3 {½-½ (29) Bogner,S (2467)-Romanov,E (2554) Neustadt 2008}) 15. Ng5 Nf4 16. Bb5 $2 (16. Bf3 $15 Bd5 17. Bg3 Bxf3 18. Nxf3 (18. Bxf4 b6 $15) 18... Ne2+ 19. Kh1) 16... Rc8 $19 17. Qa3 $2 (17. Qb4 Qd5 18. f3) 17... Qd5 $1 {[%csl Gf4,LRb5,LRg2][%cal Rd5g2] [#] Black is clearly winning.} 18. f3 Qxb5 19. Nxe6 Nxe6 20. Bxe7 {[#]} Rxc3 $1 {[%mdl 512]} 21. Qxc3 Bxd4+ 22. Qxd4 Nxd4 23. Bxf8 Kxf8 24. Rfd1 Ne2+ 25. Kf2 Qb2 {...Nc1+ is the strong threat.} 26. Ke1 0-1

[Event "2nd Sharjah Masters 2018"]
[Site "Sharjah"]
[Date "2018.04.12"]
[Round "1"]
[White "Mohammed Ahmed said Al Amri"]
[Black "Grivas, Efstratios"]
[Result "0-1"]
[WhiteElo "1822"]
[BlackElo "2468"]
[Annotator "TA"]
[PlyCount "108"]
[EventDate "2018.??.??"]
[EventType "swiss"]
[EventCountry "UAE"]
[SourceTitle "playchess.com"]
[Source "ChessBase"]
[SourceQuality "1"]

{[%evp 15,108,0,10,0,0,-7,0,0,-6,-7,-11,-25,-19,-27,-23,-34,-20,-36,-29,-26,-19,-29,-13,-28,-36,-43,-29,-70,-47,-62,-67,-78,-45,-97,-104,-89,-68,-132,-148,-133,-131,-117,-36,-73,-73,-73,-72,-91,-91,-91,-91,-91,-92,-139,-140,-277,-278,-316,-314,-340,-351,-319,-268,-252,-259,-255,-272,-266,-283,-277,-265,-247,-258,-236,-228,-409,-402,-527,-517,-482,-507,-489,-459,-738,-738,-711,-647,-1332,-1296,-29979,-29980,-29980,-29981,-29983,-29985]} 1. e4 c5 2. Nf3 Nc6 3. Bb5 d6 4. O-O Bd7 5. Nc3 e6 6. Re1 Nf6 7. d4 cxd4 8. Nxd4 Be7 {LiveBook: 24 Games. B56: Classical Sicilian: Unusual Lines} 9. Nb3 (9. Bxc6 Bxc6 10. Nxc6 bxc6 11. e5 dxe5 12. Rxe5 Qxd1+ 13. Nxd1 O-O-O 14. Re1 Nd5 15. a3 Bf6 16. Rb1 {½-½ (35) Kalashian,D (2358)-Hakobyan,A (2417) Yerevan 2016}) 9... O-O 10. h3 $146 ({Predecessor:} 10. a3 Qc7 11. Be3 a6 12. Be2 Ne5 13. Nd2 Rad8 14. f3 Bc6 15. Rc1 Rfe8 16. Bd3 Nxd3 17. cxd3 Qc8 {½-½ (17) Goerg,M-Stuermer,M (2052) Miercurea Ciuc 2002}) 10... Qc7 {The position is equal.} 11. a3 a6 12. Bf1 b5 13. Bf4 Ne5 14. Nd4 Rfd8 15. Bg3 Be8 16. f4 Nc4 17. Bxc4 Qxc4 18. Qd3 Rac8 {[%cal Ba8c8,Bc8c4,Bc4b4,Bb4b7,Bb7c7][%mdl 32]} 19. Qxc4 Rxc4 20. Bf2 Rdc8 21. Rad1 b4 22. axb4 Rxb4 23. Rb1 a5 24. Na2 (24. e5 $15 dxe5 25. fxe5) 24... Rb7 $17 25. Nc3 Kf8 26. f5 (26. Red1 $15) 26... e5 27. Nde2 Rc4 28. b3 {[#]} Rcb4 ({Black should try} 28... Rc8 $1 $17 {Strongly threatening ...Rbc7.} 29. Red1 Bc6) 29. Nc1 Rc7 30. N1a2 Rb8 31. Bh4 Rbc8 32. Bxf6 Bxf6 33. Re3 Rc6 34. Rd1 Bd8 35. Red3 {[#]} (35. Kf1 $17 {was necessary.}) 35... Bb6+ $1 $19 36. Kf1 Bd4 $1 {[%cal Rd4c3]} 37. Ne2 Rxc2 38. R3d2 Bb5 {...Be3 is the strong threat.} 39. Ke1 Be3 40. Rxc2 Rxc2 41. Nac3 Bxe2 $1 42. Nxe2 {[%mdl 4096] Endgame KRB-KRN} Rb2 43. Rxd6 Rb1+ ({But not} 43... Rxb3 44. Kd1) 44. Rd1 Rxb3 45. g4 $2 (45. f6 gxf6 46. Ng3) 45... a4 {[%cal Ba5a4,Ba4a3,Ba3a2][%mdl 32]} 46. Ng3 Bd4 47. Ne2 a3 48. Nxd4 exd4 {KR-KR} 49. Ra1 (49. Kd2 $142 Rxh3 50. Kc2) 49... Rxh3 {Hoping for ...Rh1+.} 50. Kd2 f6 51. Rb1 a2 52. Rb8+ Ke7 {Black mates.} 53. Rb7+ Kd6 54. Ra7 Rh1 {Precision: White = 32%, Black = 70%.} 0-1

[Event "2nd Sharjah Masters 2018"]
[Site "Sharjah"]
[Date "2018.04.17"]
[Round "7"]
[White "Wang, Hao"]
[Black "Petrosian, Tigran L"]
[Result "1-0"]
[WhiteElo "2707"]
[BlackElo "2609"]
[Annotator "TA"]
[PlyCount "127"]
[EventDate "2018.??.??"]
[EventType "swiss"]
[EventCountry "UAE"]
[SourceTitle "playchess.com"]
[Source "ChessBase"]
[SourceQuality "1"]

{[%evp 18,127,35,34,28,27,29,25,35,35,46,37,43,43,52,48,52,57,48,49,43,29,29,34,51,34,56,60,92,73,83,83,85,85,75,70,85,50,67,69,91,39,69,67,85,53,58,39,100,58,72,0,145,148,141,135,231,236,245,238,650,0,166,176,181,171,212,193,202,171,158,160,167,159,254,259,266,249,235,176,188,149,601,595,515,520,720,752,643,671,811,752,756,657,1015,1047,985,1068,1855,1777,29966,29967,29961,29965,5672,5065,29981,29982,29982,29983,29983,29984]} 1. e4 e5 2. Nf3 Nc6 3. Bc4 Bc5 4. d3 d6 5. a4 Nf6 6. c3 a6 7. O-O O-O 8. Bg5 {C54: Giuoco Piano: 4 c3 Nf6, main lines with 5 d4 and 5 d3} (8. h3 h6 9. Re1 Re8 10. Nbd2 Be6 11. Bxe6 Rxe6 12. b4 Ba7 13. Qc2 Qd7 14. Nf1 d5 15. Ng3 Rd8 16. exd5 Qxd5 {½-½ (63) Carlsen,M (2834)-Kramnik,V (2787) Wijk aan Zee 2018}) 8... h6 9. Bh4 Be6 10. Nbd2 {LiveBook: 4 Games. White is slightly better.} Re8 11. Re1 Ba7 12. b4 Qe7 13. Rb1 $146 ({Predecessor:} 13. a5 Nb8 {½-½ (38) Vocaturo,D (2609)-Adams,M (2709) Caleta 2018}) 13... Kh8 14. a5 g5 15. Bg3 Bg4 16. Nf1 Be6 17. Bb3 Bxb3 18. Rxb3 Qd7 19. Ne3 Bxe3 20. fxe3 Kg7 21. c4 Ne7 22. Rb2 Ng6 23. Rf1 Rf8 24. Be1 Ng8 25. Rbf2 f6 26. Bc3 N8e7 27. Kh1 h5 28. Nd2 h4 29. Kg1 (29. h3 $16) 29... Rf7 30. d4 Raf8 31. Qe2 Ng8 32. c5 Qc6 (32... h3 $14) 33. Qc4 N8e7 34. Qe6 ({White should play} 34. d5 $16 Qa4 35. Ra1) 34... d5 (34... exd4 $1 $11 35. exd4 d5 36. Qxc6 bxc6) 35. Qg4 $36 {[%mdl 2048] Black is under strong pressure.} dxe4 {[#] ...Nd5 is the strong threat.} 36. dxe5 (36. Nxe4 $2 f5 $19) (36. Qxe4 $6 Qxe4 37. Nxe4 Nd5 $14) 36... f5 (36... fxe5 $16 37. Rxf7+ (37. Nxe4 Rxf2 38. Rxf2 Rxf2 $16) 37... Rxf7) 37. Qxg5 $18 Qe6 38. Nxe4 Nd5 $2 (38... fxe4 39. Rf6 (39. Rxf7+ Rxf7 40. Rf6 Qb3 $11) 39... Kg8) 39. Rd1 $2 (39. Nf6 $18 Nxc3 40. Rxf5 Rxf6 41. exf6+ Kf7 42. Qh6) 39... Nxc3 $2 (39... fxe4 $11 {and Black has nothing to worry.} 40. Rf6 (40. Rxf7+ Kxf7 41. Rxd5 Qxd5 $17) 40... Nxf6 41. exf6+ Rxf6) 40. Nxc3 Qxe5 41. Ne2 Qf6 42. Qxf6+ Rxf6 43. Rd7+ R8f7 44. Rxf7+ Kxf7 $16 {[%mdl 4096] Endgame KRN-KRN} 45. Nd4 f4 (45... Ne5 $16 46. Rf4 (46. Rxf5 Rxf5 47. Nxf5 Nc6 $16) (46. Nxf5 Nd3 $16) 46... Ng6) 46. exf4 $18 Nxf4 47. b5 axb5 48. Nxb5 Nd5 49. Nd4 Rxf2 $4 {[%mdl 8192]} (49... Nb4 $16 50. Rb2 Nc6) 50. Kxf2 $16 {KN-KN} Nb4 51. Kf3 Kf6 52. Kg4 Ke5 53. Nb5 Na6 54. Kxh4 Nxc5 55. Nxc7 Kd6 56. Nb5+ Ke5 57. Kg5 Nb3 58. h4 {[%cal Bh2h4,Bh4h5,Bh5h6][%mdl 32]} Nxa5 59. h5 Ke6 60. h6 Nc6 {[#]} 61. Nd4+ $1 {[%mdl 512]} Kf7 (61... Nxd4 62. h7) 62. Nxc6 {White mates.} bxc6 63. g4 c5 64. Kf4 {Precision: White = 75%, Black = 37%.} 1-0

[Event "2nd Sharjah Masters 2018"]
[Site "Sharjah"]
[Date "2018.04.17"]
[Round "7"]
[White "Artemiev, Vladislav"]
[Black "Iturrizaga Bonelli, Eduardo"]
[Result "1-0"]
[WhiteElo "2701"]
[BlackElo "2624"]
[Annotator "TA"]
[PlyCount "129"]
[EventDate "2018.??.??"]
[EventType "swiss"]
[EventCountry "UAE"]
[SourceTitle "playchess.com"]
[Source "ChessBase"]
[SourceQuality "1"]

{[%evp 15,129,5,37,0,10,-10,15,-34,-26,-32,-29,-28,-18,-16,-19,-49,-33,-38,-22,-31,-10,-23,10,-3,-6,0,0,-14,-15,-41,-21,-31,-16,-30,24,7,0,0,43,38,97,100,88,88,87,96,130,129,129,129,129,124,129,114,114,114,124,115,147,115,122,114,129,129,129,115,115,115,129,115,115,114,114,114,114,114,115,115,115,115,115,115,115,114,114,114,114,114,114,114,120,127,29945,10730,29942,5898,5185,3566,29967,29964,29968,29968,29969,29970,29970,29971,29970,29971,29972,29973,29973,29973,29971,29974,29974,29975]} 1. d4 Nf6 2. Nf3 e6 3. Bg5 {[%cal Bc1g5,Bg5h4,Bh4g3][%mdl 32]} h6 4. Bh4 g5 5. Bg3 d6 6. Nbd2 {A46: 1 d4 Nf6 2 Nf3 e6: Torre, London and Colle Systems} Nh5 7. e4 (7. e3 Bg7 8. Bd3 Nd7 9. c3 f5 10. Qb3 Qe7 11. O-O-O O-O 12. Rde1 c5 13. h3 Nxg3 14. fxg3 d5 15. Qa3 e5 16. dxe5 Nxe5 17. Nxe5 Bxe5 18. g4 fxg4 19. hxg4 Kg7 20. Rxh6 {1-0 (20) Artemiev,V (2696)-Morozevich,A (2665) Sochi 2017}) 7... Bg7 8. c3 Qe7 {LiveBook: 8 Games} 9. Ng1 Nxg3 10. hxg3 Nc6 $146 ({Find the theoretical novelty and annotate with similar games:} 10... Nd7 11. f4 c5 12. Qa4 cxd4 13. cxd4 {0-1 (53) Cholakov,S (2181)-Spassov,L (2418) Sofia 2010}) 11. Qh5 Bd7 12. O-O-O O-O-O 13. f4 f5 14. exf5 exf5 15. Bd3 Kb8 16. Ngf3 {[%cal Rf4g5]} Be8 17. Qh2 Qf6 18. Qg1 Bf7 19. Qf2 Ne7 ({Not} 19... Bxa2 $2 20. b3 $16) 20. Nc4 Bd5 21. Nfd2 Qf7 22. Rhe1 Rde8 23. a3 Rhf8 24. Re2 Ng6 (24... g4 $142) 25. Rxe8+ Qxe8 26. Re1 Qd7 27. Ne3 $36 {[%mdl 2048] White has some pressure.} Be4 (27... Bc6 $14) 28. Nxe4 $16 fxe4 29. Bxe4 gxf4 30. Nd5 c6 31. Bxg6 fxg3 32. Qxg3 cxd5 33. Kb1 a6 34. Bd3 Ka7 35. Ka2 Rf7 36. Bc2 Re7 37. Rxe7 Qxe7 38. Bb3 h5 39. Bxd5 h4 40. Qf3 Bh6 41. Qf5 Bc1 42. Qc2 Bg5 43. Qb3 Qc7 44. a4 Qb6 45. Qc2 a5 46. Qe2 Bd8 47. Qg4 Qc7 48. Qf5 Kb8 49. Kb1 Qe7 50. Bf3 Ka7 51. Qd5 Qd7 52. b4 axb4 53. cxb4 Qc6 $2 {[%mdl 8192] [#]} (53... Kb8 $16 54. a5 Qe7) 54. Qxc6 bxc6 55. Bxc6 {[%mdl 4096] Endgame KB-KB} Bf6 56. a5 Bxd4 57. Kc2 {White mates.} Bf2 {[#]} 58. Kb3 $1 Be1 59. Ka4 Bd2 60. Bd5 Be1 61. b5 Bf2 62. b6+ Bxb6 63. axb6+ Kxb6 64. Kb4 Kc7 65. Be6 {Precision: White = 72%, Black = 45%.} 1-0

[Event "2nd Sharjah Masters 2018"]
[Site "Sharjah"]
[Date "2018.04.17"]
[Round "7"]
[White "Eljanov, Pavel"]
[Black "Firouzja, Alireza"]
[Result "1-0"]
[WhiteElo "2700"]
[BlackElo "2572"]
[Annotator "TA"]
[PlyCount "91"]
[EventDate "2018.??.??"]
[EventType "swiss"]
[EventCountry "UAE"]
[SourceTitle "playchess.com"]
[Source "ChessBase"]
[SourceQuality "1"]

{[%evp 23,91,0,0,0,0,0,0,-20,0,0,-10,0,0,-25,11,0,14,7,45,25,43,60,66,55,68,58,78,77,83,78,90,58,104,65,86,55,83,71,256,246,301,302,390,402,426,410,413,412,486,481,681,668,655,550,579,558,558,495,572,572,558,540,889,889,930,927,1519,1247,1228,1227]} 1. d4 Nf6 2. Nf3 g6 3. Bf4 Bg7 4. c3 O-O 5. e3 d6 6. h3 b6 7. Be2 Bb7 8. O-O Nbd7 {A48: 1 d4 Nf6 2 Nf3 g6: Torre, London and Colle Systems} 9. Bh2 Qe8 (9... Re8 10. a4 a6 11. c4 Ne4 12. a5 bxa5 13. Rxa5 c5 14. Ra3 cxd4 15. exd4 e5 {1-0 (38) Ivanchuk,V (2747)-Melkumyan,H (2633) Doha 2016}) 10. a4 a6 {[%cal Ba7a6,Ba6a5][%mdl 32]} 11. Nbd2 e5 12. b4 Qe7 {LiveBook: 9 Games} 13. Qb3 a5 $146 14. b5 Kh8 15. Rac1 Rae8 16. Ne1 Ng8 17. Bc4 Ngf6 18. Nc2 Qd8 19. Rfe1 (19. Bxf7 $2 Rxf7 $1 {[%mdl 512]} 20. Qxf7 Bd5 $19) 19... e4 20. Qa2 (20. Bxf7 $2 Rxf7 $1 {[%mdl 512]} 21. Qxf7 Bd5 $19) 20... Qa8 21. Bf1 ({Don't blunder} 21. Bxf7 $2 {[#]} Rxf7 $1 {[%mdl 512]} 22. Qxf7 Bd5 $19) 21... Ng8 22. c4 f5 {[%cal Bf7f5,Bf5f4][%mdl 32]} 23. Nb3 g5 24. c5 {Black must now prevent c6.} Bd5 {[%cal Rb6c5]} 25. cxd6 cxd6 26. Bxd6 Rf6 27. Bh2 f4 28. Na3 {[%cal Bc2a3,Ba3b1,Bb1c3,Bc3d5][%mdl 32]} Ref8 29. Bc4 {Threatens to win with Nxa5!} Ne7 30. Nd2 Rf5 $2 ({Don't go for} 30... fxe3 $2 31. fxe3 Re6 32. Qb3 $18) (30... Rg6 $16) 31. Nab1 $18 fxe3 32. fxe3 g4 33. hxg4 Rg5 34. Nc3 Nf6 35. Rf1 Bxc4 36. Nxc4 {White is clearly winning.} ({Less strong is} 36. Qxc4 Nxg4 37. Qe2 Nxh2 $18) 36... Qe8 (36... Nxg4 $142 37. Nxb6 Rxf1+ 38. Rxf1 Qe8) 37. Ne5 Ng6 38. Nd5 Qe6 39. Rc6 Qg8 40. Nc3 Qxa2 41. Nxa2 Kg8 42. Nc3 Ne7 43. Rxb6 Rc8 44. Bf4 Ned5 45. Nxd5 Nxd5 46. Rc6 {Precision: White = 71%, Black = 46%.} 1-0

[Event "2nd Sharjah Masters 2018"]
[Site "Sharjah"]
[Date "2018.04.17"]
[Round "7"]
[White "Inarkiev, Ernesto"]
[Black "Abdusattorov, Nodirbek"]
[Result "1-0"]
[WhiteElo "2680"]
[BlackElo "2540"]
[Annotator "TA"]
[PlyCount "89"]
[EventDate "2018.??.??"]
[EventType "swiss"]
[EventCountry "UAE"]
[SourceTitle "playchess.com"]
[Source "ChessBase"]
[SourceQuality "1"]

{[%evp 20,89,16,14,16,23,25,34,42,25,39,33,81,68,94,89,88,92,99,44,64,75,89,82,97,85,93,88,93,91,87,84,80,82,185,188,217,214,202,205,272,281,274,259,295,292,304,285,372,371,351,344,361,330,348,311,482,472,410,275,292,283,481,456,533,520,641,583,568,549,533,503]} 1. e4 e5 2. Nf3 Nc6 3. d4 exd4 4. Nxd4 Nf6 {[%cal Bg8f6,Bf6d5,Bd5b6][%mdl 32]} 5. Nxc6 bxc6 6. e5 Qe7 7. Qe2 Nd5 8. h4 d6 {C45: Scotch Game} (8... Bb7 9. c4 Nb6 10. Rh3 Qe6 11. f4 O-O-O 12. a4 d5 13. a5 Nxc4 14. b3 Bb4+ 15. Kf2 Nxa5 16. Bd2 {½-½ (73) Nakamura,H (2781)-Carlsen,M (2837) London 2017}) 9. c4 Nb6 10. exd6 Qxe2+ 11. Bxe2 {LiveBook: 5 Games} Bxd6 12. Nc3 {[%cal Bb1c3,Bc3d1,Bd1e3,Be3f5][%mdl 32]} Be6 $146 ({Predecessor:} 12... Be5 13. c5 Nd5 14. O-O Be6 15. Bf3 O-O 16. Re1 {½-½ (49) Van der Wiel,J (2560)-Chiburdanidze,M (2520) Lugano 1989}) 13. b3 O-O-O 14. Bb2 Rhe8 15. O-O Be7 {Threatening ...Rd2.} 16. Bf3 $1 Rd2 17. Nd1 $1 Bxh4 18. Bxg7 Bf5 19. Bh6 ({White should play} 19. Bc3 $16 Rd3 20. Bxc6) 19... Rd6 20. Ne3 Be4 21. Bxe4 Rxe4 22. f3 $36 {[%mdl 2048] Keeping Black busy.} Re8 23. Nf5 $1 {[%csl LRd6,LRh4]} Rde6 24. Nxh4 Rxh6 25. Nf5 Rf6 26. g4 {[%cal Bg2g4,Bg4g5][%mdl 32]} Re2 (26... Re5 $16) 27. Rf2 $1 $18 {[%cal Rf2e2]} Rxf2 28. Kxf2 {[%mdl 4096] Endgame KRN-KRN} h5 29. Ne7+ $1 Kd8 {[#]} 30. g5 $1 {[%cal Rg5f6]} Re6 31. Nf5 Re5 {[#]} 32. Nh6 $1 {[%cal Rh6f7]} Ke8 33. f4 {[%cal Bf3f4,Bf4f5,Bf5f6][%mdl 32]} Re4 34. Kf3 Rd4 35. Ke3 Rd7 36. Ng8 Kf8 37. Nf6 Rd6 (37... Re7+ $142 38. Kf3 Nd7 39. Nxh5 Re6) 38. f5 Nc8 39. Ne4 Rd8 40. Rh1 Kg7 $2 (40... Nd6) 41. Ng3 {White is clearly winning.} h4 42. Rxh4 Rd1 43. f6+ Kg8 44. Nf5 Re1+ 45. Kd2 {Precision: White = 88%, Black = 49%.} 1-0

[Event "2nd Sharjah Masters 2018"]
[Site "Sharjah"]
[Date "2018.04.17"]
[Round "7"]
[White "Jones, Gawain C B"]
[Black "Maghsoodloo, Parham"]
[Result "0-1"]
[WhiteElo "2675"]
[BlackElo "2615"]
[Annotator "TA"]
[PlyCount "90"]
[EventDate "2018.??.??"]
[EventType "swiss"]
[EventCountry "UAE"]
[SourceTitle "playchess.com"]
[Source "ChessBase"]
[SourceQuality "1"]

{[%evp 20,90,27,0,0,3,10,0,0,-31,-32,-23,-30,-39,-44,-38,-34,-43,-44,-46,-45,-46,-28,-38,-35,-53,-54,-120,-116,-123,-93,-110,-71,-68,-58,-191,-184,-350,-123,-493,-455,-711,-701,-910,-881,-1233,-1183,-912,-785,-712,-699,-662,-661,-12844,-12844,-12844,-665,-12840,-12840,-12841,-12841,-12841,-12842,-12842,-12843,-12843,-12842,-29987,-29987,-29988,-29984,-29990,-29991]} 1. e4 c5 2. Nf3 Nc6 3. Bb5 e6 4. O-O Nge7 5. Re1 Nd4 6. Nxd4 cxd4 7. d3 {B30: Sicilian: 2...Nc6 3 Bb5, lines without ...g6} a6 8. Ba4 Nc6 (8... b5 9. Bb3 Bb7 10. Bg5 Qc7 11. Bh4 Ng6 12. Bg3 Bd6 13. c3 Qb6 14. Qh5 Rc8 {½-½ (22) Jones,G (2675)-Iturrizaga Bonelli,E (2624) Dubai 2018}) 9. Nd2 b5 10. Bb3 Bb7 11. f4 {LiveBook: 4 Games} Qc7 12. Nf3 Rc8 $146 ({Predecessor:} 12... Bd6 13. Qd2 h6 14. Rf1 O-O-O {0-1 (32) Vokhidov,S (2366)-Fedorov,A (2567) St Petersburg 2016}) 13. Kh1 Bd6 14. Rf1 Bxf4 15. Bxf4 Qxf4 {[#]} 16. Nxd4 $1 {[%mdl 512]} Qe5 (16... Nxd4 17. Rxf4) 17. Nxc6 dxc6 18. d4 Qxe4 {Strongly threatening ...c5.} 19. Qh5 O-O {...c5 is the strong threat.} 20. Qc5 $1 Qh4 21. Rf3 Rce8 22. Rg3 Qe7 23. Qh5 {[#]} ({White should try} 23. Rd3 $15) 23... c5 $1 $17 {[%mdl 512]} 24. dxc5 f5 $36 {[%cal Bf7f5,Bf5f4][%mdl 2080] Keeping White busy.} 25. a4 f4 26. Rh3 g6 27. Qg4 ({Not} 27. Bxe6+ $2 Kh8 $19) (27. Qh4 $1 $15) 27... Qxc5 $19 {aiming for ...f3.} 28. axb5 $2 {[#]} (28. Rf1) 28... axb5 $2 (28... f3 $1 $19 {[%cal Rf3g2] and Black stays clearly on top.} 29. Bxe6+ Kg7 30. Rxf3 (30. gxf3 $2 h5 $19) 30... Rxf3 31. gxf3 Qf2) 29. Bxe6+ $2 {[%mdl 8192]} (29. Qh4 $17 {is more resistant.} Rf7 30. Rf1) 29... Kg7 30. Qh4 (30. Rd3 $142 Rxe6 31. Qxe6 Bxg2+ 32. Kxg2 Qxc2+ 33. Kg1 Qxd3 34. Ra7+ Kh6 35. Qd7 Qxd7 36. Rxd7) 30... h5 31. Rc3 Qb6 32. Bh3 f3 33. gxf3 Bxf3+ 34. Rxf3 Rxf3 35. Bg2 Qf2 36. Qb4 {[#]} Re2 $1 {[%csl Ge2][%cal Rf2g2][%mdl 512]} 37. Rg1 {[#]} Rfe3 (37... h4 $142 $1 {[%mdl 512]} 38. Qg4 Qxg1+ 39. Kxg1 Re1+ 40. Bf1 Rexf1+ 41. Kg2 h3+ 42. Qxh3 Rxh3 43. Kxf1 Rxh2 44. b4 Rxc2 45. Ke1 Rb2 46. Kf1 g5 47. Ke1 g4 48. Kf1 Kg6 49. Kg1 Kf5 50. Kf1 Kf4 51. Ke1 g3 52. Kf1 Kf3 53. Ke1 g2 54. Kd1 g1=Q#) 38. Qxb5 Re1 {[%csl Gf2][%cal Re1g1]} 39. Bf1 Qf3+ 40. Bg2 Rxg1+ 41. Kxg1 Re1+ 42. Bf1 Rd1 43. h4 Qg3+ {Black mates.} 44. Kh1 Rd2 {[%csl Gd2][%cal Rg3h2]} 45. Be2 Qe1+ {Precision: White = 14%, Black = 79%.} 0-1